[Event "Mumbai Wealth op 4th"]
[Site "Mumbai"]
[Date "2019.01.03"]
[Round "5"]
[White "Prajesh, R."]
[Black "Rebut, Paul"]
[Result "1-0"]
[WhiteElo "2102"]
[BlackElo "1740"]
[PlyCount "107"]
[EventDate "2018.12.30"]
[EventType "swiss"]
[EventRounds "9"]
[EventCountry "IND"]
[SourceTitle "CBM 188 Extra"]
[Source "ChessBase"]
[SourceDate "2019.02.26"]
[SourceVersion "1"]
[SourceVersionDate "2019.02.26"]
[SourceQuality "1"]

1. d4 Nf6 2. c4 g6 3. Nc3 Bg7 4. e4 d6 5. Nf3 0-0 6. Be2 e5 7. d5 a5 8. Bg5 h6 9. Be3 Na6 10. Nd2 Nd7 11. 0-0 f5 12. f3 f4 13. Bf2 g5 14. a3 Rf7 15. b4 Bf8 16. Nb3 h5 17. Nxa5 Rg7 18. g4 Qf6 19. h3 Rh7 20. Kg2 Qh6 21. Rh1 Nf6 22. Nb3 Be7 23. c5 Kf7 24. Qd3 Nxb4 25. Qd1 hxg4 26. fxg4 Na6 27. c6 bxc6 28. dxc6 Be6 29. Nd2 d5 30. Bf3 Rd8 31. Qe2 Nc5 32. exd5 Nxd5 33. Nxd5 Rxd5 34. Ne4 Rh8 35. Nc3 Rd3 36. Qxe5 Rd2 37. Qe1 Rxf2+ 38. Qxf2 Nd3 39. Qc2 Qh4 40. Qxd3 Qg3+ 41. Kf1 Rd8 42. Qe2 Rd4 43. Ne4 Qh4 44. Qf2 Bc4+ 45. Kg2 Qh8 46. Rad1 Bd3 47. Rhe1 Bxe4 48. Bxe4 Bc5 49. Rxd4 Bxd4 50. Qa2+ Kf8 51. Bg6 Qf6 52. Re8+ Kg7 53. Qg8+ Kh6 54. Qh7# 1-0

[Event "Goa op 1st"]
[Site "Taleigao"]
[Date "2018.10.17"]
[Round "7"]
[White "Saurabh, Anand"]
[Black "Prajesh, R."]
[Result "0-1"]
[WhiteElo "2303"]
[BlackElo "1953"]
[PlyCount "92"]
[EventDate "2018.10.13"]
[EventType "swiss"]
[EventRounds "10"]
[EventCountry "IND"]
[SourceTitle "CBM 186 Extra"]
[Source "ChessBase"]
[SourceDate "2018.08.24"]
[SourceVersion "1"]
[SourceVersionDate "2018.08.24"]
[SourceQuality "1"]

1. e4 e5 2. Nf3 Nc6 3. d4 exd4 4. Nxd4 Nf6 5. Nxc6 bxc6 6. e5 Qe7 7. Qe2 Nd5 8. c4 Nb6 9. Nc3 Ba6 10. Qe4 g6 11. Bd2 Bg7 12. 0-0-0 0-0 13. f4 f5 14. exf6 Qxf6 15. c5 d5 16. Qc2 Bxf1 17. Rhxf1 Nc4 18. Rf3 Rab8 19. b3 Na3 20. Qd3 Rb5 21. Kb2 Nc4+ 22. Kc1 Nxd2 23. Rxd2 Rxc5 24. Rc2 Re8 25. Kd2 Qe7 26. Rf1 d4 27. Nd1 Rxc2+ 28. Kxc2 Qe2+ 29. Qxe2 Rxe2+ 30. Kd3 Rxg2 31. Rf2 Rg1 32. Nb2 Rc1 33. Rc2 Rxc2 34. Kxc2 Bh6 35. Nd3 Kf7 36. a4 Ke6 37. a5 Kd5 38. a6 Bf8 39. Kd2 c5 40. Ke2 c4 41. bxc4+ Kxc4 42. Ne5+ Kb5 43. Kd3 c5 44. h3 Bd6 45. Nd7 Bxf4 46. Nf8 Bd6 0-1

[Event "Chennai op 9th"]
[Site "Chennai"]
[Date "2017.01.24"]
[Round "9"]
[White "Kumar, Gaurav"]
[Black "Prajesh, R."]
[Result "1-0"]
[WhiteElo "2150"]
[BlackElo "2242"]
[PlyCount "67"]
[EventDate "2017.01.18"]
[EventType "swiss"]
[EventRounds "10"]
[EventCountry "IND"]
[SourceTitle "CBM 176 Extra"]
[Source "ChessBase"]
[SourceDate "2017.03.02"]
[SourceVersion "1"]
[SourceVersionDate "2017.03.02"]
[SourceQuality "1"]

1. e4 e6 2. d4 d5 3. Nc3 Bb4 4. e5 c5 5. a3 Bxc3+ 6. bxc3 Ne7 7. Qg4 cxd4 8. Bd3 Qa5 9. Ne2 0-0 10. Bg5 Ng6 11. Qg3 dxc3 12. h4 Nd7 13. f4 h5 14. Qe3 Re8 15. g4 hxg4 16. h5 Ne7 17. Kf2 f6 18. exf6 Nxf6 19. h6 Qb6 20. Qxb6 axb6 21. hxg7 Kxg7 22. Bxf6+ Kxf6 23. Rh6+ Kf7 24. Rh7+ Kf8 25. Bb5 Rd8 26. Nd4 e5 27. Rh8+ Ng8 28. fxe5 Kg7 29. Rah1 Rf8+ 30. Ke3 Bf5 31. R8h5 Be4 32. Rg5+ Kf7 33. Rf1+ Bf3 34. Rxg4 1-0

[Event "Chennai op 9th"]
[Site "Chennai"]
[Date "2017.01.23"]
[Round "7"]
[White "Shyam, Nikil P"]
[Black "Prajesh, R."]
[Result "1-0"]
[WhiteElo "2446"]
[BlackElo "2242"]
[PlyCount "53"]
[EventDate "2017.01.18"]
[EventType "swiss"]
[EventRounds "10"]
[EventCountry "IND"]
[SourceTitle "CBM 176 Extra"]
[Source "ChessBase"]
[SourceDate "2017.03.02"]
[SourceVersion "1"]
[SourceVersionDate "2017.03.02"]
[SourceQuality "1"]

1. d4 Nf6 2. Bg5 Ne4 3. Bf4 d5 4. e3 c5 5. Bd3 Nf6 6. c3 Qb6 7. Qc1 Nc6 8. h3 Bd7 9. Nf3 Rc8 10. 0-0 cxd4 11. exd4 Nb4 12. Be2 Bb5 13. Bxb5+ Qxb5 14. Na3 Qa6 15. cxb4 Rxc1 16. Rfxc1 b5 17. Ne5 e6 18. Rc6 Qb7 19. Rac1 Be7 20. Rc7 Qb6 21. Nc6 Bd8 22. Nxd8 0-0 23. Nc6 h6 24. Rxa7 Ne8 25. Rc5 g5 26. Bg3 f5 27. Ne7+ 1-0

[Event "Chennai op 9th"]
[Site "Chennai"]
[Date "2017.01.19"]
[Round "3"]
[White "Sreeshwan, Maralakshikari"]
[Black "Prajesh, R."]
[Result "1-0"]
[WhiteElo "1968"]
[BlackElo "2242"]
[PlyCount "43"]
[EventDate "2017.01.18"]
[EventType "swiss"]
[EventRounds "10"]
[EventCountry "IND"]
[SourceTitle "CBM 176 Extra"]
[Source "ChessBase"]
[SourceDate "2017.03.02"]
[SourceVersion "1"]
[SourceVersionDate "2017.03.02"]
[SourceQuality "1"]

1. d4 Nf6 2. Nf3 e6 3. c4 b6 4. g3 Bb4+ 5. Bd2 Be7 6. Nc3 d5 7. Bg2 0-0 8. 0-0 Bb7 9. Ne5 c6 10. cxd5 exd5 11. Re1 Re8 12. Rc1 Bd6 13. Nd3 Nbd7 14. Bf4 Nf8 15. Bxd6 Qxd6 16. e3 Ne6 17. Qd2 Rad8 18. Qe2 Bc8 19. Ne5 Ng4 20. a3 f5 21. Nb5 cxb5 22. h4 1-0

[Event "Mumbai Wealth op 2nd"]
[Site "Mumbai"]
[Date "2016.12.27"]
[Round "2"]
[White "Gusain, Himal"]
[Black "Prajesh, R."]
[Result "1-0"]
[WhiteElo "2448"]
[BlackElo "2242"]
[PlyCount "120"]
[EventDate "2016.12.26"]
[EventType "swiss"]
[EventRounds "9"]
[EventCountry "IND"]
[SourceTitle "CBM 176 Extra"]
[Source "ChessBase"]
[SourceDate "2017.03.02"]
[SourceVersion "1"]
[SourceVersionDate "2017.03.02"]
[SourceQuality "1"]

1. e4 e6 2. d4 d5 3. Nc3 Bb4 4. e5 c5 5. a3 Bxc3+ 6. bxc3 Ne7 7. Qg4 cxd4 8. cxd4 Qc7 9. Bd2 Qxc2 10. Qxg7 Rg8 11. Qh6 Nbc6 12. Ne2 Nxd4 13. Rc1 Qa4 14. Qxh7 Bd7 15. Bb4 Nxe2 16. Bxe2 a5 17. Bd1 Qb5 18. Bd6 Qb2 19. Rc2 Qd4 20. 0-0 Bc6 21. g3 Qe4 22. Qxe4 dxe4 23. Re1 Nf5 24. Rxc6 bxc6 25. Ba4 Kd7 26. Bc5 e3 27. fxe3 Rg4 28. e4 Nxg3 29. hxg3 Rxg3+ 30. Kf2 Rc3 31. Rd1+ Kc7 32. Bd6+ Kb6 33. Rb1+ Ka7 34. Rh1 Rb8 35. Bxb8+ Kxb8 36. Rh7 Rc4 37. Bb3 Rxe4 38. Rxf7 Rxe5 39. Rf6 Rh5 40. Bxe6 Kc7 41. Ke3 Rc5 42. Kd2 Kd6 43. Rf5 Re5 44. Rxe5 Kxe5 45. Bd7 Kd6 46. Be8 Kd5 47. Kc3 Kc5 48. Bh5 Kb5 49. Be2+ Kc5 50. Bc4 Kb6 51. Kd4 a4 52. Bf7 Ka5 53. Kc4 c5 54. Kxc5 Ka6 55. Kb4 Kb6 56. Kxa4 Ka6 57. Kb4 Kb6 58. a4 Ka6 59. a5 Kb7 60. Kb5 Ka7 1-0

[Event "Mumbai Mayors Cup 9th"]
[Site "Mumbai"]
[Date "2016.06.07"]
[Round "8"]
[White "Prajesh, R."]
[Black "Kulkarni, Rakesh"]
[Result "1-0"]
[WhiteElo "1976"]
[BlackElo "2345"]
[PlyCount "79"]
[EventDate "2016.06.02"]
[EventType "swiss"]
[EventRounds "10"]
[EventCountry "IND"]
[SourceTitle "CBM 173 Extra"]
[Source "ChessBase"]
[SourceDate "2016.08.29"]
[SourceVersion "1"]
[SourceVersionDate "2016.08.29"]
[SourceQuality "1"]

1. d4 Nf6 2. c4 e6 3. Nf3 d5 4. Nc3 Bb4 5. Bg5 h6 6. Bh4 0-0 7. e3 Nbd7 8. Rc1 c6 9. Bd3 dxc4 10. Bxc4 c5 11. 0-0 cxd4 12. Qxd4 Nb6 13. Bxf6 Qxf6 14. Qxf6 gxf6 15. Bb3 Bd7 16. Ne4 Kg7 17. a3 Be7 18. Nc5 Bb5 19. Rfe1 Rfb8 20. Nd4 Bc6 21. Nxc6 bxc6 22. Na6 Rd8 23. Kf1 Rd3 24. Bc2 Rd2 25. Re2 Rad8 26. Rxd2 Rxd2 27. Ke1 Rd8 28. Be4 f5 29. Bxc6 Bf6 30. Rc2 Rc8 31. b4 Nd5 32. b5 Nc3 33. Nc5 Nb1 34. a4 Na3 35. Rc1 Bb2 36. Rd1 Nc2+ 37. Ke2 Nb4 38. Rb1 Bc3 39. Rb3 Na2 40. Kd3 1-0

[Event "IND-ch U13 29th"]
[Site "Gurgaon"]
[Date "2015.09.02"]
[Round "6"]
[White "Sadhu, S Adithya"]
[Black "Prajesh, R."]
[Result "1-0"]
[WhiteElo "1950"]
[BlackElo "2004"]
[PlyCount "63"]
[EventDate "2015.08.30"]
[EventType "swiss"]
[EventRounds "11"]
[EventCountry "IND"]
[SourceTitle "EXT 2016"]
[Source "ChessBase"]
[SourceDate "2015.10.08"]
[SourceVersion "1"]
[SourceVersionDate "2015.10.08"]
[SourceQuality "1"]

1. e4 g6 2. d4 Bg7 3. Nc3 d6 4. Bg5 c6 5. Qd2 b5 6. a3 a6 7. f4 Nf6 8. Nf3 Nfd7 9. 0-0-0 Nb6 10. Rg1 a5 11. g4 Nc4 12. Bxc4 bxc4 13. Qe2 f6 14. Bh4 d5 15. f5 0-0 16. e5 g5 17. Bf2 e6 18. h4 exf5 19. gxf5 Bxf5 20. hxg5 fxe5 21. Nxe5 Ra7 22. g6 h6 23. Be3 Qf6 24. Qh5 Nd7 25. Nf7 Bxg6 26. Rxg6 Qxf7 27. Qxh6 Nf6 28. Rh1 Qe6 29. Qh8+ Kf7 30. Qxg7+ Ke8 31. Qxa7 Qxe3+ 32. Kb1 1-0

[Event "Sivakasi op 1st"]
[Site "Sivakasi"]
[Date "2015.05.20"]
[Round "8"]
[White "Prajesh, R."]
[Black "Rajesh, VAV"]
[Result "0-1"]
[WhiteElo "2161"]
[BlackElo "2343"]
[PlyCount "144"]
[EventDate "2015.05.17"]
[EventType "swiss"]
[EventRounds "9"]
[EventCountry "IND"]
[SourceTitle "CBM 166 Extra"]
[Source "ChessBase"]
[SourceDate "2015.06.18"]
[SourceVersion "1"]
[SourceVersionDate "2015.06.18"]
[SourceQuality "1"]

1. d4 Nf6 2. Nf3 g6 3. Nbd2 d5 4. e3 Bg7 5. Bd3 0-0 6. 0-0 c5 7. c3 Nbd7 8. e4 dxe4 9. Nxe4 cxd4 10. Nxd4 Nxe4 11. Bxe4 Nc5 12. Bc2 Bd7 13. Bg5 Rc8 14. Re1 Re8 15. Qd2 Ba4 16. Nb3 Ne6 17. Bh6 Qxd2 18. Bxd2 b6 19. Rad1 Red8 20. Be3 Bf6 21. f3 Rxd1 22. Rxd1 Be5 23. Rd2 h5 24. Be4 Bd6 25. g3 Be8 26. f4 Ng7 27. Nd4 Bd7 28. Kf2 Ne8 29. Kg2 Nf6 30. Bf3 Kg7 31. Nc2 Bc5 32. Bd4 Bxd4 33. Rxd4 Rc5 34. Nb4 e5 35. fxe5 Rxe5 36. Nd5 Bc6 37. c4 g5 38. Kf2 Rf5 39. Ke3 Kf8 40. h4 Bxd5 41. cxd5 gxh4 42. gxh4 Ke7 43. d6+ Kd7 44. Rf4 Re5+ 45. Kd3 Re6 46. Rf5 Rxd6+ 47. Kc2 Ke6 48. Rb5 Rd4 49. Bxh5 Rxh4 50. Bf3 Ne4 51. Rh5 Rf4 52. Bd1 Rf2+ 53. Kc1 Nd6 54. Bb3+ Ke7 55. a4 a5 56. Bd5 Rf4 57. b3 Nf5 58. Kb2 Nd6 59. Rh8 Rd4 60. Bc6 f5 61. Kc3 Rb4 62. Rh6 Nf7 63. Rh7 Kf6 64. Bd5 Ng5 65. Rh6+ Ke5 66. Bc4 Ne4+ 67. Kd3 Kf4 68. Ke2 Kg5 69. Rh8 Nc5 70. Rh3 Nxa4 71. Rg3+ Kf6 72. Rg8 Nc5 0-1

[Event "New Delhi Parsvnath op 13th"]
[Site "New Delhi"]
[Date "2015.01.16"]
[Round "10"]
[White "Gahan, MG."]
[Black "Prajesh, R."]
[Result "1-0"]
[WhiteElo "2295"]
[BlackElo "2058"]
[PlyCount "129"]
[EventDate "2015.01.09"]
[EventType "tourn"]
[EventRounds "10"]
[EventCountry "IND"]
[SourceTitle "CBM 164 Extra"]
[Source "ChessBase"]
[SourceDate "2015.03.02"]
[SourceVersion "1"]
[SourceVersionDate "2015.03.02"]
[SourceQuality "1"]

1. e4 c5 2. c3 Nf6 3. e5 Nd5 4. d4 cxd4 5. Nf3 Nc6 6. cxd4 d6 7. Bc4 e6 8. 0-0 Be7 9. a3 0-0 10. Qe2 Bd7 11. Qe4 Na5 12. Bd3 f5 13. exf6 Nxf6 14. Qe2 Nb3 15. Ra2 Nxc1 16. Rxc1 Nd5 17. Qe4 g6 18. g3 Rc8 19. Re1 Qa5 20. Nfd2 Nb4 21. Ra1 d5 22. Qe3 Nc2 23. Bxc2 Rxc2 24. Ra2 Rfc8 25. b4 Qd8 26. Rxc2 Rxc2 27. h4 Kg7 28. Nc3 Bd6 29. Qd3 Rb2 30. Nd1 Ra2 31. Nf3 Qc8 32. Ne3 Ba4 33. h5 gxh5 34. Ng5 Bc2 35. Nxc2 Qxc2 36. Nxe6+ Kf6 37. Qe3 Qf5 38. Nd8 Kg7 39. Nxb7 Bf8 40. Nd8 Kg8 41. Nc6 a6 42. Ne5 Bh6 43. Qf3 Qxf3 44. Nxf3 Rxa3 45. Nh4 Bd2 46. Rb1 Ra4 47. b5 axb5 48. Rxb5 Rxd4 49. Nf5 Rd3 50. Kf1 Bg5 51. f4 Bf6 52. Ke2 Ra3 53. Rxd5 Kf7 54. Ne3 Kg6 55. Kf3 h4 56. g4 h6 57. Rd6 Rb3 58. Re6 Kf7 59. Re4 Rb2 60. Nf1 Rb1 61. Ne3 Rb2 62. Nd1 Rb3+ 63. Ne3 Rb2 64. Rc4 h3 65. Rc1 1-0

[Event "IND-ch U13"]
[Site "Puducherry"]
[Date "2013.07.03"]
[Round "5"]
[White "Harsha, Bharathakoti"]
[Black "Prajesh, R."]
[Result "1-0"]
[WhiteElo "2116"]
[BlackElo "1844"]
[PlyCount "103"]
[EventDate "2013.06.30"]
[EventType "swiss"]
[EventRounds "11"]
[EventCountry "IND"]
[SourceTitle "EXT 2014"]
[Source "ChessBase"]
[SourceDate "2013.11.20"]
[SourceVersion "1"]
[SourceVersionDate "2013.11.20"]
[SourceQuality "1"]

1. d4 Nf6 2. c4 g6 3. Nc3 Bg7 4. e4 d6 5. f3 0-0 6. Nge2 Nc6 7. Be3 a6 8. Qd2 Rb8 9. Rc1 e5 10. d5 Na5 11. Nd1 c5 12. b4 cxb4 13. Qxb4 b6 14. Nec3 Nd7 15. Qxd6 Re8 16. Qb4 Bf8 17. Qb2 Nc5 18. Be2 f5 19. 0-0 f4 20. Bf2 Qg5 21. Kh1 Bd6 22. Qd2 Qh5 23. Nb2 Bd7 24. Bd1 g5 25. Nca4 g4 26. fxg4 Bxg4 27. Bxg4 Qxg4 28. Nxc5 bxc5 29. Nd3 Nb7 30. Qd1 Qg6 31. Qf3 Rbc8 32. Rb1 Nd8 33. Rb6 Rb8 34. Rxa6 Nb7 35. Rb1 Qg7 36. Rb5 Bf8 37. Rab6 Qc7 38. Rc6 Qd7 39. Nxc5 Nxc5 40. Bxc5 Rxb5 41. cxb5 Bxc5 42. Rxc5 Qa7 43. Qh5 Qxc5 44. Qxe8+ Kg7 45. Qxe5+ Kg8 46. Qxf4 Qxb5 47. h3 Qb1+ 48. Kh2 Qxa2 49. d6 Qe6 50. Qg4+ Kf7 51. Qxe6+ Kxe6 52. e5 1-0